| 000 | 00654cam a22002293a 4500 | ||
|---|---|---|---|
| 001 | 18125 | ||
| 003 | PGUSA | ||
| 005 | 20140828083403.0 | ||
| 008 | 060405s2006||||xxu|||||s|||||000 | eng d | ||
| 040 |
_aPGUSA _beng |
||
| 042 | _adc | ||
| 050 | 4 | _aD501 | |
| 100 | 1 |
_aBarron, Clarence W. _q(Clarence Walker), _d1855-1928 |
|
| 245 | 1 | 4 |
_aThe Audacious War _h[electronic resource] / _cClarence W. Barron |
| 260 |
_bProject Gutenberg, _c2006 |
||
| 506 | _aPublic domain in the USA. | ||
| 516 | _aElectronic text | ||
| 653 | _aWorld War, 1914-1918 | ||
| 830 | 0 |
_aProject Gutenberg _v18125 |
|
| 856 | 4 | 0 | _uhttp://www.gutenberg.org/ebooks/18125 |
| 942 | _cEB | ||
| 999 |
_c247380 _d247380 |
||